[Event "Backa Topola-ch"]
[Site "Backa Topola"]
[Date "2019.11.27"]
[Round "2"]
[White "Holobica, Laszlo"]
[Black "Jelovac, Ivko"]
[Result "0-1"]
[WhiteElo "1686"]
[BlackElo "1890"]
[PlyCount "56"]
[EventDate "2019.11.25"]
[EventType "swiss"]
[EventRounds "9"]
[EventCountry "SRB"]
[SourceTitle "CBM 193 Extra"]
[Source "ChessBase"]
[SourceDate "2020.01.31"]
[SourceVersion "1"]
[SourceVersionDate "2020.01.31"]
[SourceQuality "1"]

1. d4 Nf6 2. Nf3 g6 3. Bf4 Bg7 4. h3 0-0 5. e3 d6 6. Be2 Nbd7 7. c3 c5 8. 0-0 Qb6 9. Qc1 Re8 10. Nbd2 Qc7 11. Re1 a6 12. Bh2 b5 13. b3 Bb7 14. Qb2 Rac8 15. Rac1 Qb6 16. a3 e5 17. Qb1 e4 18. Nh4 d5 19. g4 Kh8 20. dxc5 Nxc5 21. c4 Ne6 22. cxd5 Bxd5 23. b4 Ng5 24. Kg2 Qe6 25. Rxc8 Rxc8 26. f4 exf3+ 27. Ndxf3 Qxe3 28. Bd1 Qxe1 0-1

[Event "Subotica City-ch"]
[Site "Subotica"]
[Date "2019.02.25"]
[Round "1"]
[White "Kecskemeti, Arpad"]
[Black "Jelovac, Ivko"]
[Result "1-0"]
[WhiteElo "2213"]
[BlackElo "1887"]
[PlyCount "61"]
[EventDate "2019.02.25"]
[EventType "swiss"]
[EventRounds "9"]
[EventCountry "SRB"]
[SourceTitle "CBM 189 Extra"]
[Source "ChessBase"]
[SourceDate "2019.06.03"]
[SourceVersion "1"]
[SourceVersionDate "2019.06.03"]
[SourceQuality "1"]

1. e4 c5 2. Nf3 d6 3. d4 cxd4 4. Nxd4 Nf6 5. Nc3 a6 6. Be3 g6 7. f3 Bg7 8. Qd2 0-0 9. g4 Nc6 10. 0-0-0 Nd7 11. Be2 Qa5 12. h4 Bxd4 13. Bxd4 Nxd4 14. Qxd4 Qc5 15. Qd2 Nb6 16. h5 g5 17. Nd5 Be6 18. Nxb6 Qxb6 19. Qxg5+ Kh8 20. Qxe7 Qe3+ 21. Rd2 Qf4 22. Qxd6 Qf6 23. Qd4 Qxd4 24. Rxd4 b5 25. Rhd1 Kg7 26. e5 Rfc8 27. Kb1 Ra7 28. f4 Rac7 29. f5 Bc4 30. Bxc4 Rxc4 31. c3 1-0

[Event "Subotica-ch"]
[Site "Subotica"]
[Date "2015.03.06"]
[Round "9"]
[White "Hegedus, Antal"]
[Black "Jelovac, Ivko"]
[Result "0-1"]
[WhiteElo "1965"]
[BlackElo "1931"]
[PlyCount "100"]
[EventDate "2015.02.16"]
[EventType "swiss"]
[EventRounds "9"]
[EventCountry "SRB"]
[SourceTitle "CBM 165 Extra"]
[Source "ChessBase"]
[SourceDate "2015.04.21"]
[SourceVersion "1"]
[SourceVersionDate "2015.04.21"]
[SourceQuality "1"]

1. d4 Nf6 2. c4 g6 3. Nc3 Bg7 4. e4 d6 5. Nf3 0-0 6. Qb3 e5 7. d5 c5 8. h3 Nh5 9. g4 Nf4 10. Ne2 Nxe2 11. Bxe2 b6 12. Bg5 f6 13. Bh4 Bd7 14. Bd3 Qe8 15. Nd2 Na6 16. a3 Bh6 17. Qc2 Ba4 18. b3 Bd7 19. Bg3 Bg7 20. Rb1 Qc8 21. f3 Nc7 22. h4 Bh6 23. h5 Bg5 24. hxg6 hxg6 25. Nf1 Kg7 26. Rb2 Qa6 27. a4 Rh8 28. Rxh8 Rxh8 29. Kd1 Qc8 30. Qg2 Na6 31. Bb1 Rh6 32. Rf2 Nc7 33. Kc2 a6 34. f4 exf4 35. Rxf4 Bxf4 36. Bxf4 g5 37. Bxd6 Ne8 38. Bg3 Bxg4 39. Ne3 Bh3 40. Qf2 Qd7 41. Kb2 Qe7 42. Qf3 Bd7 43. Nf5+ Bxf5 44. Qxf5 Nd6 45. Qg4 Nf7 46. Qc8 Ne5 47. Qb8 Rh3 48. d6 Qe6 49. d7 Nxd7 50. Qc7 Kg6 0-1

[Event "Subotica-ch"]
[Site "Subotica"]
[Date "2015.03.02"]
[Round "7"]
[White "Pacal, Mihaly"]
[Black "Jelovac, Ivko"]
[Result "1-0"]
[WhiteElo "2092"]
[BlackElo "1931"]
[PlyCount "43"]
[EventDate "2015.02.16"]
[EventType "swiss"]
[EventRounds "9"]
[EventCountry "SRB"]
[SourceTitle "CBM 165 Extra"]
[Source "ChessBase"]
[SourceDate "2015.04.21"]
[SourceVersion "1"]
[SourceVersionDate "2015.04.21"]
[SourceQuality "1"]

1. e4 c5 2. Nf3 d6 3. d4 cxd4 4. Nxd4 Nf6 5. Nc3 a6 6. Bg5 e6 7. f4 Qc7 8. Qf3 Be7 9. 0-0-0 Nc6 10. Nxc6 bxc6 11. e5 dxe5 12. fxe5 Nd5 13. Bxe7 Qxe7 14. Ne4 0-0 15. c4 Nb6 16. Bd3 Nd7 17. Qg3 Rb8 18. Nf6+ Kh8 19. Qh4 h6 20. Qe4 g6 21. Qh4 Nxf6 22. exf6 1-0

[Event "Subotica-ch"]
[Site "Subotica"]
[Date "2013.05.13"]
[Round "1"]
[White "Szabados, Karoly"]
[Black "Jelovac, Ivko"]
[Result "1-0"]
[WhiteElo "2126"]
[BlackElo "1895"]
[PlyCount "131"]
[EventDate "2013.05.13"]
[EventType "swiss"]
[EventRounds "9"]
[EventCountry "SRB"]
[SourceTitle "CBM 154 Extra"]
[Source "ChessBase"]
[SourceDate "2013.06.25"]
[SourceVersion "2"]
[SourceVersionDate "2013.06.25"]
[SourceQuality "1"]

1. e4 c5 2. b4 d6 3. bxc5 dxc5 4. Nf3 Nc6 5. Bc4 e6 6. 0-0 Nf6 7. Re1 Be7 8. c3 0-0 9. d4 Na5 10. Bd3 b6 11. Nbd2 Bb7 12. e5 Ne8 13. Ne4 h6 14. Bb1 cxd4 15. cxd4 Bxe4 16. Bxe4 Rc8 17. Bf4 f5 18. exf6 Nxf6 19. Bg6 Nd5 20. Bg3 Rf6 21. Ne5 Nc6 22. Qg4 Bb4 23. Bh4 Bxe1 24. Rxe1 Nf4 25. Bf7+ Kf8 26. Bxf6 gxf6 27. Qg8+ Ke7 28. Ng6+ Nxg6 29. Rxe6+ Kd7 30. Qxg6 Nxd4 31. Re1 Kc7 32. h4 Kb8 33. Qxh6 Qd6 34. Qh5 Rc5 35. Qd1 Qf4 36. Qd3 Qxh4 37. g3 Qg4 38. Re8+ Kc7 39. Kg2 Re5 40. Rxe5 fxe5 41. Bd5 Kd6 42. Be4 Qe2 43. Qxe2 Nxe2 44. Bh7 a5 45. Kf3 Nd4+ 46. Ke4 Ne6 47. f4 exf4 48. gxf4 b5 49. Bg8 b4 50. f5 Nc5+ 51. Kd4 a4 52. Bc4 b3 53. a3 Nd7 54. Kc3 Nc5 55. Kb4 Kc6 56. f6 Kd6 57. f7 Nd7 58. Kxa4 b2 59. Ba2 Ke7 60. Kb4 b1Q+ 61. Bxb1 Kxf7 62. Kb5 Ke7 63. Kc6 Ne5+ 64. Kc7 Nc4 65. a4 Na5 66. Ba2 1-0

[Event "Subotica Autumn op"]
[Site "Subotica"]
[Date "2012.12.15"]
[Round "2"]
[White "Dulac, Lako"]
[Black "Jelovac, Ivko"]
[Result "0-1"]
[WhiteElo "1747"]
[BlackElo "1893"]
[PlyCount "56"]
[EventDate "2012.12.14"]
[EventType "swiss"]
[EventRounds "9"]
[EventCountry "SRB"]
[SourceTitle "EXT 2014"]
[Source "ChessBase"]
[SourceDate "2013.11.20"]
[SourceVersion "1"]
[SourceVersionDate "2013.11.20"]
[SourceQuality "1"]

1. d4 Nf6 2. Nf3 g6 3. g3 Bg7 4. Bg2 0-0 5. Nc3 c6 6. e4 d6 7. 0-0 Qc7 8. Re1 e5 9. h4 a6 10. Be3 b5 11. a3 Bb7 12. Qd2 Nbd7 13. Bg5 Nb6 14. b3 exd4 15. Nxd4 c5 16. Nde2 b4 17. axb4 cxb4 18. Bxf6 Bxf6 19. Nd5 Nxd5 20. exd5 Bxa1 21. Rxa1 a5 22. Rd1 Rac8 23. Nd4 Kg7 24. Qg5 Qd8 25. Qf4 Qf6 26. Qd2 Rc5 27. g4 h6 28. Qd3 Kh7 0-1

[Event "Subotica-ch"]
[Site "Subotica"]
[Date "2011.03.07"]
[Round "7"]
[White "Jelovac, Ivko"]
[Black "Avram, Veso"]
[Result "0-1"]
[WhiteElo "1924"]
[BlackElo "2122"]
[PlyCount "61"]
[EventDate "2011.02.21"]
[EventType "swiss"]
[EventRounds "9"]
[EventCountry "SRB"]
[SourceTitle "CBM 141 Extra"]
[Source "ChessBase"]
[SourceDate "2011.05.03"]
[SourceVersion "1"]
[SourceVersionDate "2011.05.03"]
[SourceQuality "1"]

1. e4 c5 2. Nf3 e6 3. d4 cxd4 4. Nxd4 Nc6 5. Nc3 Qc7 6. Be3 a6 7. Nxc6 bxc6 8. Bc4 Nf6 9. 0-0 d5 10. exd5 exd5 11. Bb3 Bd6 12. g3 0-0 13. Ne2 Bh3 14. Re1 Bg4 15. Kg2 Qe7 16. Qd3 Rfd8 17. Nd4 Qd7 18. Ba4 Rdc8 19. c4 Bb4 20. Rec1 Qb7 21. c5 Nd7 22. Nb3 Bf3+ 23. Kg1 Ne5 24. Qf5 Re8 25. Nd4 Qa7 26. Qh3 Rac8 27. a3 Ba5 28. b4 Bd8 29. Bc2 Bf6 30. Ra2 g6 31. Rd1 0-1

[Event "Backa Topola-ch"]
[Site "Backa Topola"]
[Date "2010.11.26"]
[Round "5"]
[White "Jelovac, Ivko"]
[Black "Janjusevic, Branislav"]
[Result "1/2-1/2"]
[WhiteElo "1907"]
[BlackElo "1947"]
[PlyCount "41"]
[EventDate "2010.11.17"]
[EventType "swiss"]
[EventRounds "9"]
[EventCountry "SRB"]
[SourceTitle "EXT 2019"]
[Source "ChessBase"]
[SourceDate "2018.10.10"]
[SourceVersion "1"]
[SourceVersionDate "2018.10.10"]
[SourceQuality "1"]

1. e4 e5 2. Bc4 Nc6 3. Nf3 Nd4 4. c3 Nxf3+ 5. Qxf3 Nf6 6. d4 d6 7. Bg5 Be7 8. Nd2 0-0 9. h3 c6 10. Bb3 exd4 11. cxd4 Qa5 12. Be3 d5 13. 0-0 dxe4 14. Nxe4 Nxe4 15. Qxe4 Bd6 16. d5 c5 17. Bf4 Qc7 18. Bxd6 Qxd6 19. Rfe1 Qf6 20. Qe7 Qg6 21. Re3 1/2-1/2

[Event "Backa Topola-ch"]
[Site "Backa Topola"]
[Date "2010.11.24"]
[Round "4"]
[White "Zlatic, Milan"]
[Black "Jelovac, Ivko"]
[Result "1/2-1/2"]
[WhiteElo "2086"]
[BlackElo "1907"]
[PlyCount "108"]
[EventDate "2010.11.17"]
[EventType "swiss"]
[EventRounds "9"]
[EventCountry "SRB"]
[SourceTitle "EXT 2019"]
[Source "ChessBase"]
[SourceDate "2018.10.10"]
[SourceVersion "1"]
[SourceVersionDate "2018.10.10"]
[SourceQuality "1"]

1. d4 Nf6 2. c4 g6 3. Nc3 Bg7 4. e4 d6 5. Nf3 0-0 6. Be2 e5 7. 0-0 Nc6 8. d5 Ne7 9. Ne1 Nd7 10. f3 f5 11. g4 fxg4 12. fxg4 Rxf1+ 13. Kxf1 Nc5 14. b4 Na6 15. a3 Bd7 16. Be3 Qf8+ 17. Kg2 Bh6 18. g5 Bg7 19. Bg4 Qc8 20. h3 Bxg4 21. Qxg4 Qxg4+ 22. hxg4 Nc8 23. Rc1 Bf8 24. Nd3 Be7 25. Nb5 c6 26. dxc6 bxc6 27. Nc3 Nb6 28. Nb2 Nc7 29. c5 dxc5 30. bxc5 Nd7 31. Nc4 Ne6 32. Rd1 Rd8 33. Na5 Nb8 34. Rxd8+ Bxd8 35. Nc4 Nd7 36. Nd6 Bxg5 37. Bxg5 Nxg5 38. Nc8 Nxc5 39. Nxa7 Ncxe4 40. Nxe4 Nxe4 41. Nxc6 Kf7 42. Nxe5+ Ke6 43. Nd3 Kd5 44. Kf3 Nd2+ 45. Kf4 Nc4 46. a4 Kd4 47. Ne1 h6 48. Nf3+ Kd5 49. Kg3 Ne5 50. Nd2 Nc4 51. Nf3 Ne5 52. Ne1 Kc4 53. Kf4 Nxg4 54. Kxg4 Kb4 1/2-1/2

[Event "Backa Topola-ch"]
[Site "Backa Topola"]
[Date "2010.11.17"]
[Round "1"]
[White "Jelovac, Ivko"]
[Black "Vranic, Ljubomir"]
[Result "0-1"]
[WhiteElo "1907"]
[BlackElo "2182"]
[PlyCount "86"]
[EventDate "2010.11.17"]
[EventType "swiss"]
[EventRounds "9"]
[EventCountry "SRB"]
[SourceTitle "EXT 2019"]
[Source "ChessBase"]
[SourceDate "2018.10.10"]
[SourceVersion "1"]
[SourceVersionDate "2018.10.10"]
[SourceQuality "1"]

1. e4 d5 2. exd5 Qxd5 3. Nc3 Qa5 4. Nf3 Nf6 5. d4 Bg4 6. Be2 Nbd7 7. Bd2 e6 8. a3 c6 9. 0-0 Qc7 10. Ne5 Bf5 11. f4 h5 12. b4 g6 13. h3 h4 14. Bd3 Nxe5 15. fxe5 Nh5 16. Rf3 Be7 17. Ne2 Ng7 18. Qf1 Bxd3 19. Rxd3 Nf5 20. c3 0-0-0 21. Rf3 Kb8 22. a4 Ka8 23. a5 a6 24. Qf2 Qd7 25. Nc1 Rdg8 26. Nd3 g5 27. Nc5 Bxc5 28. bxc5 g4 29. hxg4 Rxg4 30. Kh2 Rhg8 31. Rg1 Qd5 32. Qe2 Re4 33. Qf2 Qc4 34. Rxf5 exf5 35. Qxf5 Re2 36. Be1 Qd5 37. Bf2 h3 38. Kxh3 Ra2 39. c4 Qxc4 40. e6 fxe6 41. Qf7 Rh8+ 42. Kg3 Ra3+ 43. Kf4 e5+ 0-1